FC Bayern Campus Spieler 24/25 - Statistiken

Allgemein
  • Dieses Quiz wurde 27 mal gespielt
  • Das Durchschnittsergebnis liegt bei 18 aus 56
Antwortstatistiken
Bildquiz Antwort % Korrekt
Lennart Karl
90%
Wisdom Mike
80%
Leon Klanac
75%
Felipe Chávez
65%
Javier Fernández
65%
Max Schmitt
65%
David Santos
60%
Jonah Kusi-Asare
60%
Jonathan Asp Jensen
55%
Deniz Ofli
50%
Luca Denk
50%
Adin Licina
45%
Guido Della Rovere
45%
Angelo Brückner
40%
Anthony Pavlesic
40%
Emirhan Demircan
40%
Julien Yanda
40%
Jussef Nasrawe
40%
Lennard Becker
40%
Michael Scott
40%
Steve Breitkreuz
40%
Vincent Manuba
40%
Bajung Darboe
35%
Kurt Rüger
35%
Tim Binder
35%
Valentin Yotov
35%
Magnus Dalpiaz
30%
Max Scholze
30%
Paul Scholl
30%
Benjamin Ballis
25%
Gabriel Marusic
25%
Hannes Heilmair
25%
Ljubo Puljic
25%
Maximilian Wagner
25%
Max Mergner
25%
Mudaser Sadat
25%
Veis Yildiz
25%
Bogdan Olychenko
20%
Davide Dell'Erba
20%
Louis Richter
20%
Luis Schäfer
20%
Maximilian Schuhbauer
20%
Moritz Mosandl
20%
Samuel Unsöld
20%
Younes Aitamer
20%
Noah Codjo-Evora
15%
Sadiki Chemwor
15%
Simon Zöls
15%
Luca Stancic
10%
Roko Mijatovic
10%
Iwinosa Uhuns
5%
Oluwaseyi Wilson
5%
Sejdo Durakov
5%
Can Paylan
0%
Erion Rexhepi
0%
Liul-Bruke Alemu
0%
Keine übereinstimmenden Quizze gefunden
Verteilung der Resultate
Anzahl Personen mit jedem Resultat
Perzentil nach korrekt beantworteten Fragen
Ihre Resultats-Entwicklung
Sie haben dieses Quiz noch nicht gespielt